[Event "8th Sunway Sitges 2021"]
[Site "Sitges ESP"]
[Date "2021.12.23"]
[Round "10.16"]
[White "Kadric, Denis"]
[Black "Hess, Max"]
[Result "1-0"]
[WhiteTitle "GM"]
[BlackTitle "FM"]
[WhiteElo "2572"]
[BlackElo "2404"]
[WhiteFideId "14403803"]
[BlackFideId "24656666"]
[EventDate "2021.12.13"]

1. e4 e5 2. Nf3 Nc6 3. Bc4 Nf6 4. d3 Be7 5. O-O O-O 6. Nc3 d6 7. a4 a5 8. Re1
Be6 9. Nd5 Nb4 10. Nxf6+ Bxf6 11. Bxe6 fxe6 12. c3 Nc6 13. Bd2 h6 14. b4 Qe8 15.
b5 Nb8 16. d4 Nd7 17. Qb3 Qf7 18. Be3 b6 19. Rad1 Kh7 20. h3 Rae8 21. Qc4 Rc8
22. Bc1 Kh8 23. Re2 Kg8 24. Qc6 Nb8 25. Qc4 Nd7 26. Rd3 Rfe8 27. Qa2 Re7 28. Nh2
exd4 29. cxd4 e5 30. d5 Qh5 31. Qc2 Rf8 32. Rf3 Nb8 33. Ree3 Ref7 34. Nf1 Bd8
35. Ng3 Qg6 36. Rxf7 Qxf7 37. Nf5 Kh7 38. Rg3 Rg8 39. Qd2 Bg5 40. Rxg5 hxg5 41.
Qxg5 Re8 42. Nxg7 Rh8 43. Ne6 Re8 44. Qh4+ Kg8 45. Qg4+ Kh8 46. Bh6 Qd7 47. Bg7+
Kh7 48. Qh5+ Kg8 49. Qh8+ Kf7 50. Ng5+ Ke7 51. Bf6# 1-0

[Event "8th Sunway Sitges 2021"]
[Site "Sitges ESP"]
[Date "2021.12.23"]
[Round "10.17"]
[White "Galiana Fernandez, Adrian"]
[Black "Maze, Sebastien"]
[Result "1-0"]
[WhiteTitle "FM"]
[BlackTitle "GM"]
[WhiteElo "2333"]
[BlackElo "2541"]
[WhiteFideId "32010150"]
[BlackFideId "613762"]
[EventDate "2021.12.13"]

1. d4 Nf6 2. c4 e6 3. Nf3 d5 4. Nc3 Be7 5. Bf4 O-O 6. e3 Nbd7 7. a3 c6 8. Qc2 a6
9. cxd5 exd5 10. Bd3 Re8 11. O-O Nf8 12. h3 Ne6 13. Be5 g6 14. Rad1 Ng7 15. Rfe1
Bf5 16. Bxf6 Bxd3 17. Rxd3 Bxf6 18. e4 Qd7 19. Rde3 Ne6 20. exd5 cxd5 21. Qb3
Rad8 22. Ne5 Qd6 23. Qxb7 Re7 24. Qb4 Qxb4 25. axb4 Nxd4 26. Ng4 1-0

[Event "8th Sunway Sitges 2021"]
[Site "Sitges ESP"]
[Date "2021.12.23"]
[Round "10.18"]
[White "Utsab, Chatterjee"]
[Black "Suleymanli, Aydin"]
[Result "0-1"]
[BlackTitle "GM"]
[WhiteElo "2255"]
[BlackElo "2537"]
[WhiteFideId "46609148"]
[BlackFideId "13413937"]
[EventDate "2021.12.13"]

1. e4 e6 2. d4 d5 3. Nd2 a6 4. Bd3 c5 5. dxc5 Bxc5 6. Ngf3 Nc6 7. c3 Nge7 8. O-O
Qc7 9. exd5 Nxd5 10. Ne4 Be7 11. Bc2 O-O 12. Re1 Rd8 13. Qe2 Nf4 14. Qe3 Nd5 15.
Qe2 Nf4 16. Qe3 Ng6 17. Neg5 Nf8 18. Bd2 f6 19. Ne4 e5 20. Ng3 Be6 21. b3 Rd7
22. Nf5 Rad8 23. c4 Ba3 24. Rad1 Nb4 25. Bb1 Nd3 26. Bxd3 Rxd3 27. Qe4 Bb4 28.
Re3 Rxd2 29. Nxd2 Bxd2 30. Rd3 Rxd3 31. Qxd3 Bb4 32. Ne3 Qa5 33. Nc2 Be7 34. a3
Qc7 35. Nb4 Qa5 36. Nc2 Qc5 37. Ra1 Ng6 38. Qf3 Qc8 39. Ne3 Nf4 40. b4 Bd7 41.
Qd1 Kf8 42. Rc1 Bc6 43. Qc2 Qe6 44. Re1 g6 45. f3 Kg7 46. Qc3 Kg8 47. Nd1 Qf5
48. Ne3 Qg5 49. Kf1 e4 50. fxe4 Bxe4 51. g3 Nd3 52. Re2 Qh5 53. Qd4 0-1

[Event "8th Sunway Sitges 2021"]
[Site "Sitges ESP"]
[Date "2021.12.23"]
[Round "10.19"]
[White "Dardha, Daniel"]
[Black "Mohammad, Nubairshah Shaikh"]
[Result "1-0"]
[WhiteTitle "GM"]
[BlackTitle "IM"]
[WhiteElo "2533"]
[BlackElo "2429"]
[WhiteFideId "240990"]
[BlackFideId "5053196"]
[EventDate "2021.12.13"]

1. c4 Nf6 2. Nc3 g6 3. e4 d6 4. d4 Bg7 5. Nf3 O-O 6. Bd3 Bg4 7. Be2 c5 8. d5 a6
9. O-O b5 10. cxb5 axb5 11. Bxb5 Na6 12. h3 Bd7 13. Bc4 Ne8 14. Bf4 Qb6 15. Qe2
Nec7 16. e5 Rfb8 17. b3 Bf5 18. Na4 Qb7 19. exd6 exd6 20. Bxd6 Re8 21. Qd2 Bxa1
22. Rxa1 Be4 23. Nc3 Rad8 24. Ng5 Bf5 25. Qf4 h6 26. Nf3 Qb4 27. Be5 Qa5 28. d6
Rxd6 29. Bxd6 Qxc3 30. Be5 Rxe5 31. Qxe5 Qa5 32. Rd1 Ne6 33. Bxe6 Bxe6 34. Qf6
Kh7 35. Rd8 1-0

[Event "8th Sunway Sitges 2021"]
[Site "Sitges ESP"]
[Date "2021.12.23"]
[Round "10.20"]
[White "Dhananjay, S"]
[Black "Muradli, Mahammad"]
[Result "1/2-1/2"]
[BlackTitle "IM"]
[WhiteElo "2174"]
[BlackElo "2503"]
[WhiteFideId "5092892"]
[BlackFideId "13409301"]
[EventDate "2021.12.13"]

1. d4 d5 2. c4 e6 3. Nf3 Nf6 4. Nc3 Be7 5. Bf4 O-O 6. e3 b6 7. Bd3 dxc4 8. Bxc4
Bb7 9. O-O a6 10. Qe2 Nbd7 11. Rfd1 Nd5 12. Nxd5 exd5 13. Bd3 Nf6 14. Rac1 Bd6
15. Ne5 h6 16. Ng4 Bxf4 17. exf4 Re8 18. Ne5 Re7 19. Rc2 Ne4 20. Rdc1 Nd6 21.
Qh5 a5 22. Rc3 Ne4 23. R3c2 c5 24. Bxe4 dxe4 25. dxc5 bxc5 26. Nc4 Qc7 27. Ne3
Qxf4 28. Qxc5 Rd7 29. Qb5 Qd6 30. h3 Qe7 31. Qc5 Qe8 32. Qf5 Qd8 33. Qe5 f6 34.
Qg3 Kh7 35. h4 Qe8 36. Rc7 Rad8 37. Qg4 a4 38. h5 Qf7 39. Rxd7 Rxd7 40. a3 Re7
41. Rd1 Bc6 42. Qf5+ Kh8 43. Qc8+ Be8 44. Rd8 Kh7 45. g4 Qe6 46. Nf5 Qxc8 47.
Rxc8 Re5 48. Ne3 Bd7 49. Rc4 Kg8 50. Kh2 f5 51. gxf5 Bxf5 52. Rxa4 Bd7 53. Rd4
Rxh5+ 54. Kg3 Bc6 55. Rd6 Ba4 56. Rd4 Bc6 57. Rc4 Rg5+ 58. Kf4 Rg6 59. b4 Rf6+
60. Kg3 Rg6+ 61. Kh2 Rf6 62. Ng4 Rd6 63. Rc5 Ba4 64. Ra5 Bd1 65. Ne3 Be2 66. a4
Rd2 67. Ra7 Rb2 68. b5 Bf3 69. Kg3 g5 70. Nf5 Rb1 71. Nxh6+ Kf8 72. Nf5 Rg1+ 73.
Kh3 Rh1+ 1/2-1/2

[Event "8th Sunway Sitges 2021"]
[Site "Sitges ESP"]
[Date "2021.12.23"]
[Round "10.50"]
[White "Benmesbah, Natacha"]
[Black "Salimova, Nurgyul"]
[Result "0-1"]
[WhiteTitle "WIM"]
[BlackTitle "IM"]
[WhiteElo "2221"]
[BlackElo "2353"]
[WhiteFideId "642002"]
[BlackFideId "2915138"]
[EventDate "2021.12.13"]

1. e4 c6 2. Nf3 d5 3. Nc3 dxe4 4. Nxe4 Nf6 5. Qe2 Nxe4 6. Qxe4 Be6 7. b3 Nd7 8.
Bb2 Nf6 9. Qh4 Bf5 10. c4 e6 11. Be2 Be7 12. Qd4 Qxd4 13. Nxd4 Bg6 14. O-O a5
15. Nf3 a4 16. Ne5 a3 17. Bd4 O-O-O 18. Be3 Ne4 19. d4 c5 20. Nxg6 hxg6 21. dxc5
Bxc5 22. Bxc5 Nxc5 23. Rfd1 Rxd1+ 24. Rxd1 Rd8 25. b4 Rxd1+ 26. Bxd1 Nd3 27. Bc2
Nc1 28. Bb1 Ne2+ 29. Kf1 Nc3 0-1